Techniques and principles in language teaching
-д хадгалсан:
| Үндсэн зохиолч: | |
|---|---|
| Формат: | Ном |
| Хэл сонгох: | англи |
| Хэвлэсэн: |
Oxford
Oxford University
2000
|
| Хэвлэл: | 2a. ed |
| Цуврал: | Teaching Techniques in English as a Second Language
|
| Нөхцлүүд: | |
| Шошгууд: |
Шошго нэмэх
Шошго байхгүй, Энэхүү баримтыг шошголох эхний хүн болох!
|
MARC
| LEADER | 00000nam a2200000 a 4500 | ||
|---|---|---|---|
| 001 | UCL0622 | ||
| 003 | CL-VaPUC | ||
| 008 | 030728e20000000UK |||||||||||||||||eng|d | ||
| 020 | |a 0194355748 | ||
| 082 | 0 | 4 | |a 428.07 |b LAR |2 21 |
| 100 | |a Larsen-Freeman, Diane |e author |9 572154 | ||
| 245 | 1 | 0 | |a Techniques and principles in language teaching |
| 250 | |a 2a. ed | ||
| 300 | |a 189 p | ||
| 942 | |c BK | ||
| 945 | |d 20030728 00:00:00 |a cmena | ||
| 260 | |a Oxford |b Oxford University |c 2000 | ||
| 650 | 0 | |a Inglés |9 260023 | |
| 650 | 0 | |a Lingüística aplicada |9 313266 | |
| 650 | 0 | |a Educación lingüística |9 306506 | |
| 650 | 0 | |a Enseñanza de idiomas |9 339820 | |
| 650 | 0 | |a Métodos de enseñanza |9 270413 | |
| 583 | |a last modification |c 20030728 00:00:00 |k Rodrigo Vera | ||
| 490 | 0 | |a Teaching Techniques in English as a Second Language | |
| 999 | |c 304437 |d 304435 | ||
| 952 | |0 0 |1 0 |4 0 |6 428_070000000000000_LAR_2000 |7 0 |8 A |9 366728 |a FDOPOS |b FDOPOS |d 2019-11-21 |i 3925013 |o 428.07 LAR 2000 |p 3925013 |r 2025-01-22 |w 2019-11-21 |y BK |k MLA | ||